LEGO Hidden Side: Minifigures by Picture - Statistics

General Stats
  • This quiz has been taken 5 times
  • The average score is 20 of 40
Answer Stats
Picture Answer % Correct
Chef Enzo
100%
El Fuego
100%
Jack Davids
100%
J.B. Watt
100%
Parker L. Jackson
100%
Rose Davids
100%
Spencer
100%
Wade
100%
Waitress Sally
100%
Axel Chops
50%
Bill
50%
Captain Jonas
50%
Chuck
50%
Dwayne
50%
Jonas Jr.
50%
Maximus
50%
Mr. Clarke
50%
Nate Lockem
50%
Nehmaar Reem
50%
Paola
50%
Pete Peterson
50%
Rami
50%
Ronny
50%
Scott Francis
50%
Scrimper
50%
Seymour TeeVee
50%
Shadow-Walker
50%
Statue of Evil
50%
Terry Top
50%
Vaughn Geist
50%
Waylon
50%
Claus Stormward
0%
Jennie Napo
0%
Jimbo Loblo
0%
Joey
0%
Mary Breaksome
0%
Mr. Branson
0%
Ms. Santos
0%
Nanna
0%
Rocky
0%
No matching quizzes found
Score Distribution
Percent of People with Each Score
Percentile by Number Answered
Your Score History
You have not taken this quiz